Statistics for BanG Dream! Characters' Name Matching

Click here to take the quiz!

General Stats

  • This quiz has been taken 13 times
  • The average score is 29 of 45

Answer Stats

Given nameFamily name% Correct
MocaAoba
92%
KasumiToyama
92%
TaeHanazono
83%
MashiroKurata
83%
RanMitake
83%
KaoruSeta
83%
KokoroTsurumaki
83%
TomoeUdagawa
83%
RimiUshigome
83%
TsugumiHazawa
75%
HinaHikawa
75%
ArisaIchigaya
75%
HagumiKitazawa
75%
AyaMaruyama
75%
KanonMatsubara
75%
AkoUdagawa
75%
TsukushiFutaba
67%
SayoHikawa
67%
LisaImai
67%
YukinaMinato
67%
MisakiOkusawa
67%
ChiyuTamade
67%
HimariUehara
67%
Saya (Saaya)Yamabuki
67%
MayaYamato
67%
RuiYashio
67%
RokkaAsahi
58%
AnonChihaya
58%
SoyoNagasaki
58%
ReonaNyubara
58%
MasukiSato
58%
ChisatoShirasagi
58%
RinkoShirokane
58%
TomoriTakamatsu
58%
ReiWakana
58%
Rana (Raana)Kaname
50%
TakiShiina
50%
EveWakamiya
50%
UmiriYahata
50%
NanamiHiromachi
42%
Toko (Touko)Kirigaya
42%
UikaMisumi
42%
SakikoTogawa
42%
MutsumiWakaba
42%
NyamuYutenji
17%

Score Distribution

Percentile by Number Answered

Percent of People with Each Score

Your Score History

You have not taken this quiz